[Event "Arie Nijman Memorial 2023"]
[Site "Christchurch NZL"]
[Date "2023.05.19"]
[Round "1.1"]
[White "Turp, Michael"]
[Black "Lukey, Stephen G"]
[Result "1/2-1/2"]
[WhiteElo "1700"]
[BlackElo "2324"]

1. d4 Nf6 2. Bf4 g6 3. Nf3 c5 4. e3 Bg7 5. c3 O-O 6. Be2 d6 7. h3 b6 8. O-O Bb7
9. Nbd2 Nbd7 10. a4 Rc8 11. a5 bxa5 12. Qa4 e5 13. Bh2 e4 14. Ne1 cxd4 15. exd4
Bh6 16. f4 e3 17. Ndf3 Qb6 18. Nd3 Be4 19. Qxa5 Qb3 20. Qa4 Rb8 21. g4 Qe6 22.
Ng5 Bxg5 23. fxg5 Bxd3 24. Bxd3 e2 25. Bxe2 Qxe2 26. Rae1 Qd2 27. Bf4 Qxb2 28.
gxf6 Nb6 29. Qa1 1/2-1/2

[Event "Arie Nijman Memorial 2023"]
[Site "Christchurch NZL"]
[Date "2023.05.19"]
[Round "1.2"]
[White "Steadman, Michael V R"]
[Black "Xu, Luna Yuexiu"]
[Result "1/2-1/2"]
[WhiteElo "2308"]
[BlackElo "1697"]

1. b4 Nf6 2. Bb2 g6 3. g3 Bg7 4. Bg2 d6 5. d3 O-O 6. Nd2 Nbd7 7. c4 c6 8. Ngf3
e5 9. Qb3 a5 10. a3 Qc7 11. O-O b6 12. Rac1 Bb7 13. e4 c5 14. Ng5 h6 15. Nh3
axb4 16. axb4 cxb4 17. Qxb4 Nc5 18. Qc3 Ra2 19. Rb1 Rfa8 20. Nb3 Na4 21. Qd2 b5
22. cxb5 Qb6 23. Nc1 Rxb2 24. Rxb2 Nxb2 25. Qxb2 Ba6 26. Qa3 Bb7 27. Qb3 Ra5
28. Rd1 Rxb5 29. Qc3 Qc5 30. Qxc5 Rxc5 31. Nb3 Rc3 32. Nc1 Rc5 33. Nb3 Rc3
1/2-1/2

[Event "Arie Nijman Memorial 2023"]
[Site "Christchurch NZL"]
[Date "2023.05.19"]
[Round "1.3"]
[White "Forte, Hunter"]
[Black "McNabb, Matthew D"]
[Result "0-1"]
[WhiteElo "1670"]
[BlackElo "2240"]

1. Nf3 Nf6 2. c4 e6 3. g3 d5 4. b3 Be7 5. Bg2 O-O 6. O-O Nbd7 7. Bb2 c6 8. e3
b6 9. Qc2 Ba6 10. d3 Rc8 11. Nbd2 Qc7 12. Rfe1 Qb8 13. Qc3 c5 14. e4 d4 15. Qc2
e5 16. a3 b5 17. Bh3 bxc4 18. bxc4 Rc6 19. Rab1 Qc7 20. Nh4 g6 { } 21. Nhf3 Rb8
22. a4 Bc8 23. Bc1 Rcb6 24. Nb3 Nf8 25. Bxc8 Rxc8 26. h3 Bd6 27. Bg5 N6d7 28.
Kg2 Nb8 29. Rh1 Nc6 30. h4 Rcb8 31. Nfd2 Nb4 32. Qd1 Nxd3 33. h5 Be7 34. Nf3
Nb4 35. Qd2 Nc6 36. Bxe7 Qxe7 37. hxg6 fxg6 38. Ng5 Rxb3 39. Rbf1 Rb2 40. Qd1
Qxg5 41. Qf3 R8b3 0-1

[Event "Arie Nijman Memorial 2023"]
[Site "Christchurch NZL"]
[Date "2023.05.19"]
[Round "1.4"]
[White "Carpinter, Anthony L"]
[Black "Anikonov, Artem"]
[Result "1-0"]
[WhiteElo "2215"]
[BlackElo "1668"]

1. Nf3 d5 2. e3 Nf6 3. c4 e6 4. b3 Bd6 5. Bb2 c6 6. Qc2 O-O 7. Be2 Nbd7 8. Nc3
e5 9. cxd5 cxd5 10. Nb5 Qe7 11. Nxd6 Qxd6 12. d4 e4 13. Ne5 Qe6 14. Nxd7 Bxd7
15. Qd2 Rac8 16. O-O h6 17. Ba3 Rfe8 18. Rac1 Bc6 19. Qa5 a6 20. Rc2 Bd7 21.
Rfc1 Rxc2 22. Rxc2 Rc8 23. Rxc8+ Bxc8 24. Qc5 Kh7 25. h3 Bd7 26. Kf1 Qc6 27.
Ke1 Qxc5 28. Bxc5 Kg6 29. Kd2 Kf5 30. Kc3 Ke6 31. Kb4 Bc6 32. Bf8 Ne8 33. Kc5
Kd7 34. Kb6 f6 35. a4 f5 36. g3 Kd8 37. Bxa6 Bxa4 38. bxa4 bxa6 39. Kxa6 Nc7+
40. Kb6 Ne6 41. Bd6 Kd7 42. Be5 g5 43. a5 Nd8 44. a6 Nc6 45. Bg7 h5 46. Bf6 g4
47. hxg4 hxg4 48. Bg5 Kd6 49. Bf4+ Kd7 50. a7 Nxa7 51. Kxa7 Kc6 52. Ka6 1-0

[Event "Arie Nijman Memorial 2023"]
[Site "Christchurch NZL"]
[Date "2023.05.19"]
[Round "1.5"]
[White "Bolster, Caolan"]
[Black "Cilia Vincenti, David"]
[Result "0-1"]
[WhiteElo "1662"]
[BlackElo "2156"]

1. e4 c5 2. Nf3 e6 3. d4 cxd4 4. Nxd4 Nf6 5. Nc3 Nc6 6. Ndb5 d6 7. Bg5 a6 8.
Nd4 Be7 9. Be2 O-O 10. O-O Qc7 11. a4 b6 12. Nxc6 Qxc6 13. Bf3 e5 14. Bxf6 Bxf6
15. Nd5 Be6 16. c4 Bxd5 17. cxd5 Qb7 18. Bg4 Bg5 19. Ra3 g6 20. Be2 b5 21. axb5
axb5 22. Rxa8 Rxa8 23. Qb3 b4 24. g3 Qb6 25. Kg2 Qc5 26. f4 Bf6 27. Qf3 Ra7 28.
f5 Bg5 29. fxg6 hxg6 30. h4 Bd2 31. b3 Qe3 32. Qxe3 Bxe3 33. Rf6 Bc5 34. Kh3
Ra2 35. Bc4 Rc2 36. Rf3 Rc1 37. Rf1 Rc3 38. Re1 Bf2 39. Re2 Bxg3 40. Kg4 Bf4
41. h5 Rg3+ 42. Kh4 g5# 0-1

[Event "Arie Nijman Memorial 2023"]
[Site "Christchurch NZL"]
[Date "2023.05.19"]
[Round "1.6"]
[White "Cummings, Nick"]
[Black "Lu, Xiahan (Luna)"]
[Result "1-0"]
[WhiteElo "2128"]
[BlackElo "1645"]

1. Nf3 Nf6 2. c4 g6 3. g3 Bg7 4. Bg2 d6 5. O-O O-O 6. Nc3 Be6 7. d3 Nc6 8. Rb1
h6 9. b4 a6 10. a4 Ng4 11. Bd2 Rb8 12. b5 Nce5 13. Nd4 Nd7 14. Nxe6 fxe6 15.
Bh3 h5 16. e3 Nde5 17. f3 Nh6 18. Bxe6+ Kh7 19. d4 Rf6 20. Ne4 Nxf3+ 21. Rxf3
Rxf3 22. Qxf3 axb5 23. axb5 Qf8 24. Qxf8 Rxf8 25. Ng5+ Kh8 26. Rf1 Ra8 27. Bd5
Ra2 28. Bc3 Ng4 29. Ra1 Rxa1+ 30. Bxa1 Nxe3 31. Ne6 c6 32. Be4 d5 33. bxc6 bxc6
34. cxd5 cxd5 35. Bxg6 h4 36. gxh4 Kg8 37. h3 Nc4 38. Bc3 Bh6 39. Bb4 Nd6 40.
Bxd6 exd6 41. Kf2 Kh8 42. Kf3 Kg8 43. Kg4 Be3 44. Kf5 Bf2 45. h5 Kh8 46. Kf6
Bg1 47. Ke7 Bh2 48. Kd7 Kg8 49. Kc6 Bg3 50. Kxd5 Bh2 51. Kc6 Bg3 52. d5 Be5 53.
Kd7 Bg3 54. Nd4 Be5 55. Nf5 Kf8 56. Nxd6 Bg7 57. Nf5 Ba1 58. Ke6 Kg8 59. d6 Bg7
60. Nxg7 Kxg7 61. d7 1-0

[Event "Arie Nijman Memorial 2023"]
[Site "Christchurch NZL"]
[Date "2023.05.19"]
[Round "1.7"]
[White "Nelson, Edwin (Ted)"]
[Black "Liu, William Rui"]
[Result "0-1"]
[WhiteElo "1641"]
[BlackElo "2105"]

1. e4 c5 2. Nf3 Nc6 3. d4 cxd4 4. Nxd4 g6 5. c4 Bg7 6. Be3 Nf6 7. Nc3 d6 8. Be2
O-O 9. O-O Bd7 10. h3 Nxd4 11. Bxd4 Bc6 12. Bd3 a5 13. Nd5 Bxd5 14. exd5 Nd7
15. Bxg7 Kxg7 16. Qe2 Rc8 17. a3 a4 18. Rfe1 Re8 19. b4 axb3 20. Qb2+ Kg8 21.
Qxb3 Qc7 22. Rab1 Nc5 23. Qc2 Ra8 24. Ra1 Ra4 25. Rec1 Qa5 26. Qc3 Qa6 27. Rcb1
Ra8 28. Re1 Rxa3 29. Rxa3 Qxa3 30. Qxa3 Rxa3 31. Be2 Kg7 32. Bg4 h5 33. Be2 Kf6
34. Bf1 Ra2 35. g4 hxg4 36. hxg4 g5 37. Kg2 Rd2 38. Kg3 Rd4 39. f3 Rd2 40. Kh3
Rb2 41. Kg3 Rb3 42. Kg2 Nd7 43. Re4 Ne5 44. Be2 Ng6 45. Kf2 Nf4 46. Re3 Rxe3
47. Kxe3 Nxe2 48. Kxe2 Ke5 49. Ke3 f5 50. gxf5 Kxf5 51. Ke2 g4 52. fxg4+ Kxg4
53. Ke3 Kf5 54. Kd4 Kf4 55. Kd3 Kf3 56. Kd4 Ke2 57. c5 dxc5+ 58. Kxc5 Kd3 59.
d6 exd6+ 60. Kxd6 Kc4 0-1

[Event "Arie Nijman Memorial 2023"]
[Site "Christchurch NZL"]
[Date "2023.05.19"]
[Round "1.8"]
[White "Zhang, Kendrick Botong"]
[Black "Moshakova, Elena"]
[Result "1-0"]
[WhiteElo "2068"]
[BlackElo "1497"]

1. e4 e5 2. Nf3 Nc6 3. d4 exd4 4. Nxd4 Bc5 5. Nb3 Bb6 6. Nc3 Nf6 7. Qe2 O-O 8.
Bg5 Re8 9. Nd5 d6 10. O-O-O Bf5 11. Bxf6 gxf6 12. Qf3 Bg6 13. Nxf6+ Kf8 14.
Nxe8 Qxe8 15. Qf6 Qxe4 16. Bd3 Qe5 17. Qxe5 Nxe5 18. Bxg6 hxg6 19. Nd4 Re8 20.
c3 a6 21. Kc2 c5 22. Nb3 Bc7 23. Rhe1 Rd8 24. Nxc5 1-0

[Event "Arie Nijman Memorial 2023"]
[Site "Christchurch NZL"]
[Date "2023.05.19"]
[Round "1.9"]
[White "Broad, Cory"]
[Black "Elliot, Darryn B"]
[Result "0-1"]
[WhiteElo "1490"]
[BlackElo "2044"]

1. c4 Nf6 2. Nc3 g6 3. g3 Bg7 4. Bg2 O-O 5. d4 d6 6. b4 Nc6 7. a3 Bg4 8. h3 Bd7
9. e3 e5 10. Nge2 Qc8 11. Bb2 Re8 12. d5 Ne7 13. Qc2 Kh8 14. g4 a5 15. b5 Nfg8
16. Ng3 f5 17. g5 Rf8 18. f4 c6 19. Na4 Qc7 20. Qd3 Nc8 21. bxc6 bxc6 22. Qc2
cxd5 23. Bxd5 Rb8 24. Rb1 Bxa4 25. Qxa4 Qc5 26. Kd2 Rxb2+ 27. Rxb2 exf4 28. Rb3
fxe3+ 29. Ke2 Nge7 30. Rd1 f4 31. Nf1 Nf5 32. Rbd3 Nd4+ 33. Rxd4 Bxd4 34. Bf3
Nb6 35. Qb3 Nxc4 36. Qd3 Be5 37. Rc1 Nb2 38. Rxc5 Nxd3 39. Rxa5 Nc1+ 0-1

[Event "Arie Nijman Memorial 2023"]
[Site "Christchurch NZL"]
[Date "2023.05.19"]
[Round "1.10"]
[White "Yu, Zachary"]
[Black "Patel, Akash"]
[Result "1-0"]
[WhiteElo "1988"]
[BlackElo "1300"]

1. d4 d5 2. c4 c6 3. Nf3 e6 4. Qc2 Bd6 5. g3 Nd7 6. Bg2 f5 7. O-O h6 8. cxd5
cxd5 9. Nc3 a6 10. a4 Qc7 11. b3 Ngf6 12. Bb2 Ne4 13. Rfc1 Qb8 14. a5 Nxc3 15.
Bxc3 Nf6 16. Nd2 Bd7 17. b4 Bb5 18. Nb1 Kf7 19. Na3 Qe8 20. Nxb5 Qxb5 21. e3
Rac8 22. Bf1 Qd7 23. Qb3 Ne4 24. Be1 g5 25. b5 Ra8 26. Rc2 h5 27. Rac1 axb5 28.
Qxb5 Qxb5 29. Bxb5 Kf6 30. f3 Nxg3 31. hxg3 h4 32. gxh4 gxh4 33. f4 h3 34. Kh2
Rag8 35. Bg3 Ra8 36. Be1 Rag8 37. Bf1 Rg7 38. Rb1 Rhh7 39. Bg3 Bc7 40. Rxb7
Bxa5 41. Rxg7 Rxg7 { } 42. Kxh3 Rb7 43. Ra2 Bc3 44. Bh4+ Kg6 45. Ra6 Kf7 46.
Be2 Rb1 47. Bh5+ Kg7 48. Bf3 Rf1 49. Kg2 Rc1 50. Rxe6 Bd2 51. Bxd5 Rc3 52. Kf3
Rc1 53. Re7+ Kf8 54. Rf7+ Ke8 55. Ke2 Bb4 56. Rxf5 Rc2+ 57. Kd3 Rc3+ 58. Ke4
Rc7 59. Re5+ Kd7 60. f5 Bd6 61. Re6 Bf8 62. Rf6 Bd6 63. Rxd6+ Kxd6 64. Bg3+ Kd7
65. Be6+ Kc6 66. d5+ Kb7 67. Bxc7 Ka6 68. d6 Kb7 69. f6 Kc6 70. f7 Kb7 71. f8=Q
Kc6 72. Bd5+ Kc5 73. d7+ Kb5 74. Qb8+ Ka4 75. Qb3# 1-0

[Event "Arie Nijman Memorial 2023"]
[Site "Christchurch NZL"]
[Date "2023.05.19"]
[Round "1.11"]
[White "Frith, Hunter"]
[Black "Christie, Richie"]
[Result "0-1"]
[WhiteElo "1002"]
[BlackElo "1945"]

1. Nf3 d5 2. d4 e6 3. Nc3 f5 4. g3 Nf6 5. Bg2 Be7 6. Bg5 O-O 7. O-O Ne4 8. Qd3
Nxg5 9. Ne5 Nd7 10. Qe3 Nxe5 11. Qxe5 Bd6 12. Qe3 c6 13. f4 Ne4 14. a3 c5 15.
b4 cxd4 16. Qxd4 Be7 17. a4 Bf6 18. Qe3 Nxc3 19. b5 Bd4 20. Qxd4 Nxe2+ 21. Kh1
Nxd4 22. c3 Nc2 23. Rac1 Ne3 24. Rg1 Nxg2 25. Rxg2 Qa5 26. Ra2 Bd7 27. h4 Rac8
28. Kh2 Rxc3 29. Rxc3 Qxc3 30. Kh3 e5 31. fxe5 f4+ 32. Kh2 Qxg3+ 33. Kh1 Bf5
0-1

[Event "Arie Nijman Memorial 2023"]
[Site "Christchurch NZL"]
[Date "2023.05.19"]
[Round "1.12"]
[White "Ashton, Matthew"]
[Black "Sharma, Vihaan"]
[Result "1-0"]
[WhiteElo "1930"]
[BlackElo "993"]

1. e4 e5 2. Nf3 Nf6 3. Bc4 Bc5 4. d3 Nc6 5. Nc3 d6 6. Bg5 Be6 7. Nd5 Na5 8. Bb3
Nxb3 9. axb3 Bxd5 10. exd5 O-O 11. O-O Qe7 12. Re1 Rfe8 13. d4 Bb6 14. dxe5
dxe5 15. Rxe5 Bxf2+ 16. Kxf2 Qc5+ 17. Kf1 Rxe5 18. Nxe5 Nxd5 19. Nd3 Ne3+ 20.
Bxe3 Qxe3 21. Qe2 Qh6 22. Re1 g6 23. Qe5 c6 24. Qc7 Rf8 25. h3 f5 26. Re7 g5
27. Qe5 g4 28. Qe6+ Qxe6 29. Rxe6 g3 30. Re3 f4 31. Rf3 Rf7 32. Rxf4 Rg7 33.
Rg4 Kh8 34. Rxg7 Kxg7 35. Ke2 Kf6 36. Kf3 Kg5 37. Kxg3 1-0

[Event "Arie Nijman Memorial 2023"]
[Site "Christchurch NZL"]
[Date "2023.05.19"]
[Round "1.13"]
[White "Blair, Rowan"]
[Black "Wang, Justin Zhide"]
[Result "0-1"]
[WhiteElo "914"]
[BlackElo "1900"]

1. Nc3 e6 2. Nf3 d5 3. d4 Nf6 4. e3 Bb4 5. Bd2 O-O 6. g3 Bxc3 7. Bxc3 Ne4 8.
Bg2 Qf6 9. O-O c5 10. a4 Nc6 11. b4 Nxc3 12. Qd3 cxb4 13. e4 dxe4 14. h4 exd3
15. cxd3 Ne2+ 16. Kh2 e5 17. d5 Ncd4 18. Nxd4 exd4 19. Rab1 g5 20. hxg5 Qxg5
21. Rxb4 Qh5+ 22. Bh3 Qxh3# 0-1

[Event "Arie Nijman Memorial 2023"]
[Site "Christchurch NZL"]
[Date "2023.05.19"]
[Round "1.14"]
[White "Familton, Gregory"]
[Black "Mansell, Alexander"]
[Result "1-0"]
[WhiteElo "1815"]
[BlackElo "719"]

1. e4 Nf6 2. Nc3 g6 3. d4 Bg7 4. f4 O-O 5. Nf3 Nc6 6. e5 Ng4 7. h3 Ne3 8. Bxe3
d6 9. Qd2 Qd7 10. O-O-O b6 11. Bb5 a6 12. Bxc6 Qxc6 13. h4 Bf5 14. d5 Qb7 15.
Nd4 Bg4 16. Rdf1 f6 17. exf6 exf6 18. f5 Rae8 19. Ne6 Rf7 20. Bh6 gxf5 21. Nxg7
Ree7 22. Nxf5 Re5 23. Nd4 c5 24. Nc6 Rf5 25. Ne4 Rxf1+ 26. Rxf1 Bf5 27. Nxd6
Qd7 28. Nxf7 Kxf7 29. c4 b5 30. Qf2 bxc4 31. g4 Bxg4 32. Ne5+ Ke7 33. Qxf6+ Ke8
34. Qf8# 1-0

[Event "Arie Nijman Memorial 2023"]
[Site "Christchurch NZL"]
[Date "2023.05.20"]
[Round "2.1"]
[White "Christie, Richie"]
[Black "Carpinter, Anthony L"]
[Result "0-1"]
[WhiteElo "1945"]
[BlackElo "2215"]

1. d4 d5 2. Bf4 c5 3. Nc3 e6 4. e3 Nf6 5. Nb5 Na6 6. a4 Be7 7. Nf3 Nh5 8. Bg3
Nxg3 9. hxg3 Nb4 10. c3 Nc6 11. dxc5 Bxc5 12. Nbd4 Bd6 13. Qd3 f5 14. g4 fxg4
15. Rxh7 Rxh7 16. Qg6+ Kd7 17. Ng5 Qf6 18. Qxf6 gxf6 19. Nxh7 Ke7 20. Be2 Kf7
21. O-O-O e5 22. Nb5 Be7 23. Nc7 Rb8 24. Nxd5 Bf5 25. Rh1 Kg7 26. Bb5 Bd8 27.
Bxc6 bxc6 28. Nb4 Rc8 29. Rh4 Be7 30. e4 Be6 31. Nxf6 Bxf6 32. Rh1 Bb3 33. f4
gxf3 0-1

[Event "Arie Nijman Memorial 2023"]
[Site "Christchurch NZL"]
[Date "2023.05.20"]
[Round "2.2"]
[White "Cilia Vincenti, David"]
[Black "Ashton, Matthew"]
[Result "1-0"]
[WhiteElo "2156"]
[BlackElo "1930"]

1. d4 d5 2. c4 e6 3. Nc3 Nf6 4. cxd5 exd5 5. Bg5 c6 6. e3 Be7 7. Bd3 Nbd7 8.
Qc2 h6 9. Bh4 O-O 10. Nf3 Re8 11. O-O Nh5 12. Bxe7 Qxe7 13. Rab1 Nhf6 14. b4
Ne4 15. b5 Nxc3 16. Qxc3 c5 17. dxc5 Nxc5 18. Rfc1 Nxd3 19. Qxd3 Be6 20. Rc3
Rec8 21. Rbc1 Qd8 22. h3 Rxc3 23. Rxc3 Rc8 24. Qd4 Rxc3 25. Qxc3 Qc8 26. Qa3 a6
27. bxa6 bxa6 28. Nd4 Qc4 29. Qb2 Bd7 30. Qb8+ Kh7 31. Qb2 Be6 32. Qb1+ Kg8 33.
a3 Qa4 34. Qb8+ Kh7 35. Qd6 Qc4 36. Kh2 Qc8 37. a4 Qc4 38. a5 Qc8 39. Kg3 Qc4
40. Qc6 Qxc6 41. Nxc6 Kg6 42. Nb4 d4 43. exd4 Bc4 44. Kf4 Kf6 45. d5 g6 46. Ke4
Ke7 47. Kd4 Bf1 48. Kc5 Kd7 49. g3 Kc7 50. h4 g5 51. d6+ Kd7 52. Nd5 Bb5 53.
Nf6+ Ke6 54. Nd5 Kd7 55. Nc7 gxh4 56. gxh4 Be2 57. f4 Bf1 58. Kd5 h5 59. Ke5
Bc4 60. Nd5 Be2 61. Nb6+ Kc6 62. d7 Kc7 63. Kf6 Kd8 64. Kxf7 1-0

[Event "Arie Nijman Memorial 2023"]
[Site "Christchurch NZL"]
[Date "2023.05.20"]
[Round "2.3"]
[White "Wang, Justin Zhide"]
[Black "Cummings, Nick"]
[Result "1/2-1/2"]
[WhiteElo "1900"]
[BlackElo "2128"]

1. e4 c6 2. d4 d5 3. Nc3 dxe4 4. Nxe4 Nf6 5. Nxf6+ exf6 6. c3 Bd6 7. Bd3 O-O 8.
Ne2 Re8 9. Qc2 h5 10. Be3 Nd7 11. O-O-O Nf8 12. Nf4 Bxf4 13. Bxf4 Be6 14. b3 b5
15. f3 a5 16. h3 a4 17. b4 Qd5 18. Kb1 Rad8 19. Be4 Qd7 20. g4 h4 21. Bh2 Bc4
22. Rde1 1/2-1/2

[Event "Arie Nijman Memorial 2023"]
[Site "Christchurch NZL"]
[Date "2023.05.20"]
[Round "2.4"]
[White "Liu, William Rui"]
[Black "Familton, Gregory"]
[Result "1-0"]
[WhiteElo "2105"]
[BlackElo "1815"]

1. e4 c5 2. Nf3 e6 3. d4 cxd4 4. Nxd4 Nc6 5. Nxc6 bxc6 6. Bd3 d5 7. O-O Nf6 8.
Nc3 Be7 9. Re1 O-O 10. e5 Nd7 11. Bf4 a5 12. Qg4 f5 13. Qg3 Ba6 14. Rad1 Bxd3
15. Rxd3 Rb8 16. b3 Bb4 17. Re2 Nc5 18. Rd1 Bxc3 19. Qxc3 Qb6 20. Be3 Ne4 21.
Qb2 Qb4 22. a3 Qc3 23. Qc1 Qxe5 24. Bf4 Qf6 25. Bxb8 Rxb8 26. Rde1 Re8 27. f3
Ng5 28. Qf4 h6 29. Qd6 Qc3 30. Kh1 c5 31. h4 Nf7 32. Qd7 Rd8 33. Qxe6 a4 34.
Qg6 Rf8 35. Re8 axb3 36. Qxf5 bxc2 37. Rxf8+ Kxf8 38. Qc8+ Nd8 39. Qxd8+ Kf7
40. Qe8+ Kf6 41. Qe6# 1-0

[Event "Arie Nijman Memorial 2023"]
[Site "Christchurch NZL"]
[Date "2023.05.20"]
[Round "2.5"]
[White "Gilmore, Blake"]
[Black "Zhang, Kendrick Botong"]
[Result "0-1"]
[WhiteElo "1809"]
[BlackElo "2068"]

1. Nf3 Nf6 2. g3 g6 3. Bg2 Bg7 4. O-O d5 5. d3 c5 6. Nbd2 b6 7. e4 d4 8. a4 Nc6
9. Nc4 O-O 10. Bd2 Ba6 11. Nfe5 Nxe5 12. Nxe5 Ne8 13. Nf3 e5 14. b3 Nd6 15. Qc1
Bb7 16. Re1 a6 17. Bh6 f6 18. Bxg7 Kxg7 19. h3 Qc7 20. Qd2 b5 21. Rec1 Bc6 22.
c4 bxc4 23. bxc4 Rfb8 24. a5 Rb4 25. Rcb1 Rab8 26. Rxb4 Rxb4 27. Ne1 Nb7 28.
Nc2 Ra4 29. f4 Rxa1+ 30. Nxa1 Qxa5 31. Nb3 Qb6 32. fxe5 Qxb3 33. exf6+ Kxf6 34.
e5+ Kxe5 35. Bxc6 Nd6 36. Qf4+ Ke6 37. Bd5+ Kd7 38. Qh6 Nf5 39. Qxh7+ Ne7 40.
Be4 Qd1+ 41. Kh2 Qe2+ 42. Kh1 {=} 42... Qf1+ 43. Kh2 Qf2+ 44. Bg2 Qe2 45. h4
Qxd3 46. Qf7 Qe2 47. Kh1 Qe6 48. Qf3 Qxc4 49. Qb7+ Ke6 50. Bh3+ Kf7 51. Qf3+
Kg7 52. Qe4 Qd5 53. Qxd5 Nxd5 54. Bf1 a5 55. Bc4 Ne3 0-1

[Event "Arie Nijman Memorial 2023"]
[Site "Christchurch NZL"]
[Date "2023.05.20"]
[Round "2.6"]
[White "Elliot, Darryn B"]
[Black "Gold, Hamish R"]
[Result "0-1"]
[WhiteElo "2044"]
[BlackElo "1744"]

1. e4 e5 2. Bc4 Nf6 3. d4 Nxe4 4. dxe5 Qe7 5. Nf3 Nxf2 6. Kxf2 Qc5+ 7. Qd4
Qxd4+ 8. Nxd4 Bc5 9. Be3 O-O 10. Nc3 Nc6 11. Nxc6 Bxe3+ 12. Kxe3 dxc6 13. Rhf1
a5 14. Rad1 b5 15. Bxf7+ Kh8 16. Ne4 { Mobile phone forfeit} 0-1

[Event "Arie Nijman Memorial 2023"]
[Site "Christchurch NZL"]
[Date "2023.05.20"]
[Round "2.7"]
[White "Black, Ross"]
[Black "Yu, Zachary"]
[Result "0-1"]
[WhiteElo "1730"]
[BlackElo "1988"]

1. e4 c5 2. f4 Nc6 3. Nf3 g6 4. Bc4 Bg7 5. O-O e6 6. c3 d5 7. exd5 exd5 8. Qe2+
Nge7 9. Bb3 O-O 10. d3 Re8 11. Re1 b6 12. Nbd2 Ba6 13. Bc2 Qd7 14. Ne5 Nxe5 15.
fxe5 Nc6 16. Nf3 Nxe5 17. Nxe5 Rxe5 18. Qf2 Rxe1+ 19. Qxe1 Re8 20. Qf2 Qg4 21.
Qf1 Be5 22. Bd2 Qh4 23. g3 Bxg3 24. hxg3 Qxg3+ 25. Kh1 Re5 26. Bd1 Bxd3 27. Qf6
Be4+ 0-1

[Event "Arie Nijman Memorial 2023"]
[Site "Christchurch NZL"]
[Date "2023.05.20"]
[Round "2.8"]
[White "Lukey, Stephen G"]
[Black "Steadman, Michael V R"]
[Result "1-0"]
[WhiteElo "2324"]
[BlackElo "2308"]

1. d4 e6 2. Nf3 b5 3. e4 Bb7 4. Nbd2 a6 5. Bd3 c5 6. c3 d5 7. e5 Nc6 8. h4 Nh6
9. Nf1 Ng4 10. h5 f6 11. exf6 gxf6 12. h6 Qd7 13. Ng5 fxg5 14. Qxg4 cxd4 15.
cxd4 Bb4+ 16. Nd2 O-O-O 17. O-O Rdf8 18. Nf3 Rhg8 19. a4 bxa4 20. Be3 Rf6 21.
Ne5 Qe8 22. Rfc1 Kb8 23. Bxa6 Na5 24. Bxb7 Kxb7 25. Qe2 Rf5 26. Nc6 1-0

[Event "Arie Nijman Memorial 2023"]
[Site "Christchurch NZL"]
[Date "2023.05.20"]
[Round "2.9"]
[White "Xu, Luna Yuexiu"]
[Black "Turp, Michael"]
[Result "0-1"]
[WhiteElo "1697"]
[BlackElo "1700"]

1. e4 c6 2. d4 d5 3. Nc3 dxe4 4. Nxe4 Nf6 5. Nxf6+ exf6 6. c3 Bf5 7. Nf3 Bd6 8.
Be2 O-O 9. O-O Nd7 10. Be3 Re8 11. Re1 Nf8 12. h3 Ng6 { } 13. Bc4 Qd7 14. Bd3
Be4 15. Bxe4 Rxe4 16. Qd3 Rae8 17. Nd2 R4e7 18. Nf3 h6 19. a3 Nf4 20. Qd2 Nxh3+
21. gxh3 Qxh3 22. Qe2 Re4 23. Bf4 Rxe2 24. Rxe2 Rxe2 25. Bxd6 Qxf3 26. Bg3 Qe4
27. Kh2 Re1 28. Rxe1 Qxe1 29. c4 Qd2 30. b4 Qxd4 31. c5 Qc3 32. Bd6 Qxa3 33.
Bb8 a6 34. Ba7 Qxb4 35. Bb6 a5 36. Bxa5 Qxa5 37. f4 Qxc5 38. f5 Qxf5 39. Kh1
Qg4 40. Kh2 c5 41. Kh1 c4 42. Kh2 c3 43. Kh1 c2 44. Kh2 b6 45. Kh1 c1=Q+ 46.
Kh2 Qcg1# 0-1

[Event "Arie Nijman Memorial 2023"]
[Site "Christchurch NZL"]
[Date "2023.05.20"]
[Round "2.10"]
[White "Patel, Akash"]
[Black "Forte, Hunter"]
[Result "1/2-1/2"]
[WhiteElo "1300"]
[BlackElo "1670"]

1. d4 Nf6 2. e3 e6 3. Bd3 Be7 4. f4 d5 5. Nf3 O-O 6. Ne5 c5 7. c3 c4 8. Bc2 b5
9. Nd2 Bb7 10. O-O Nfd7 11. Rf3 f6 12. Nxd7 Nxd7 13. Rh3 f5 14. Qh5 Nf6 15. Qd1
Qb6 16. a3 a5 17. b3 cxb3 18. Bxb3 a4 19. Bc2 Rac8 20. Bb2 Bd6 21. Bd3 Ba6 22.
Nf3 Ng4 { } 23. Qe2 Nf6 24. Ne5 Bxe5 25. fxe5 Ng4 26. Rg3 Qd8 27. Bxb5 Qh4 28.
Rh3 Bxb5 29. Qxb5 Qf2+ 30. Kh1 Nxe3 31. Rg1 Rb8 32. Qd3 Ng4 33. Bc1 Qh4 34. Be3
Qe7 35. Ra1 g6 36. Qd2 f4 37. Bf2 Rb3 38. Rf3 Nxf2+ 39. Qxf2 Rxa3 40. Rxa3 Qxa3
41. g3 Qc1+ 42. Kg2 g5 43. gxf4 Rxf4 44. Qe3 Qxe3 45. Rxe3 Re4 46. Rf3 a3 47.
Rf2 Rg4+ 48. Kh1 Rf4 49. Ra2 h5 50. Rxa3 h4 51. Ra6 h3 52. Kg1 Kf7 53. Ra7+ Kg6
54. Re7 Kf5 55. Rf7+ Ke4 56. Rf6 Rg4+ 57. Kh1 Rf4 58. Kg1 Rg4+ 1/2-1/2

[Event "Arie Nijman Memorial 2023"]
[Site "Christchurch NZL"]
[Date "2023.05.20"]
[Round "2.11"]
[White "Anikonov, Artem"]
[Black "Frith, Hunter"]
[Result "1-0"]
[WhiteElo "1668"]
[BlackElo "1002"]

1. e4 d5 2. exd5 Qxd5 3. Nc3 Qd8 4. d4 Nc6 5. Nf3 e6 6. Bb5 Qd7 7. Ne5 Qd6 8.
Bf4 Qb4 9. Nxc6 Qxb2 10. Bd2 Bd7 11. Rb1 Qa3 12. Ne5 O-O-O 13. Bxd7+ Kb8 14.
Nc6+ Ka8 15. Nxd8 Qd6 16. Nxf7 Qxd7 17. Nxh8 Qxd4 18. Qf3 Qd8 19. Qxb7# 1-0

[Event "Arie Nijman Memorial 2023"]
[Site "Christchurch NZL"]
[Date "2023.05.20"]
[Round "2.12"]
[White "Sharma, Vihaan"]
[Black "Bolster, Caolan"]
[Result "0-1"]
[WhiteElo "993"]
[BlackElo "1662"]

1. d4 d5 2. c4 Nc6 3. e3 Nf6 4. Nf3 Bg4 5. Nc3 e6 6. Bd3 Be7 7. Bd2 Qd7 8. h3
Bh5 9. g4 Bg6 10. Qe2 Bxd3 11. Qxd3 Nb4 12. Qb1 dxc4 13. Ne5 Qd6 14. Nxc4 Qc6
15. Nd6+ Bxd6 16. Rf1 O-O-O 17. a3 Nbd5 18. Nxd5 Qxd5 19. b4 e5 20. dxe5 Bxe5
21. Ra2 Ne4 0-1

[Event "Arie Nijman Memorial 2023"]
[Site "Christchurch NZL"]
[Date "2023.05.20"]
[Round "2.13"]
[White "Lu, Xiahan (Luna)"]
[Black "Blair, Rowan"]
[Result "1-0"]
[WhiteElo "1645"]
[BlackElo "914"]

1. d4 d5 2. c4 e6 3. Nc3 Nf6 4. Bg5 dxc4 5. e4 Be7 6. Bxc4 O-O 7. Nf3 h6 8. Bh4
Nc6 9. O-O Qd6 10. e5 Qb4 11. exf6 Bxf6 12. Bxf6 gxf6 13. Bb3 e5 14. Nd5 Qd6
15. Qd2 Kg7 16. dxe5 fxe5 17. Rfe1 f6 18. Qc3 Be6 19. Nh4 Bxd5 20. Nf5+ Kh7 21.
Nxd6 cxd6 22. Bxd5 Nd8 23. Qc7+ Kh8 24. Re3 Rg8 25. Bxg8 Kxg8 26. Rg3+ Kf8 27.
Qh7 Nf7 28. Rg7 Ke7 29. Rxf7+ Ke6 30. Rd1 Rd8 31. Re7# 1-0

[Event "Arie Nijman Memorial 2023"]
[Site "Christchurch NZL"]
[Date "2023.05.20"]
[Round "2.14"]
[White "Mansell, Alexander"]
[Black "Nelson, Edwin (Ted)"]
[Result "0-1"]
[WhiteElo "719"]
[BlackElo "1641"]

1. Nf3 d5 2. g3 Bf5 3. Bg2 Nf6 4. d3 e6 5. O-O Bc5 6. Nc3 O-O 7. Na4 Bd6 8. Bd2
e5 9. Nh4 Bg4 10. b3 Qd7 11. f3 Bh3 12. Bxh3 Qxh3 13. Nf5 Qxf5 14. g4 Qg6 15.
h3 e4 16. Nc3 Bc5+ 17. Kg2 e3 18. Bc1 d4 19. Nb5 Bb6 20. h4 c6 21. Nd6 Nxg4 22.
fxg4 Qxd6 23. h5 Bc7 24. Rf3 Qh2+ 25. Kf1 Qh1# 0-1

[Event "Arie Nijman Memorial 2023"]
[Site "Christchurch NZL"]
[Date "2023.05.20"]
[Round "3.1"]
[White "Carpinter, Anthony L"]
[Black "Zhang, Kendrick Botong"]
[Result "1/2-1/2"]
[WhiteElo "2215"]
[BlackElo "2068"]

1. Nf3 Nf6 2. e3 b6 3. d4 e6 4. Bd3 c5 5. O-O Bb7 6. b3 d5 7. Bb2 Nbd7 8. Nbd2
Be7 9. Ne5 O-O 10. f4 g6 11. Qf3 Ne8 12. Qh3 f5 13. Ndf3 Nxe5 14. Nxe5 Bf6 15.
Rad1 Bxe5 16. dxe5 Qc7 17. c4 Qe7 18. Qg3 Nc7 19. Qf2 {=} 19... Rad8 20. Qc2
Rd7 21. Qe2 Rfd8 22. Bc1 d4 23. e4 fxe4 24. Bxe4 Bxe4 25. Qxe4 Rf8 26. Rd3 Qf7
27. g4 Qe7 28. Bd2 Qh4 29. Qg2 Rdf7 30. Rdf3 Qe7 31. Qe2 Na6 32. Qe4 Qd7 33. h3
Nb8 34. Be1 Qc6 35. Qd3 Nd7 36. Qe2 Qc7 37. Bg3 Qc6 38. R3f2 Re8 39. Kh2 a6 40.
f5 exf5 41. gxf5 gxf5 42. Rxf5 Rxf5 43. Rxf5 Qg6 44. Qe4 Rf8 45. Rxf8+ Nxf8 46.
Qd5+ Qe6 47. Kg2 a5 48. Kf3 Kf7 49. Bh4 Nd7 50. Qxe6+ Kxe6 51. Ke4 Nxe5 52. Bd8
Nd7 53. Kf4 h6 54. Ke4 Kd6 55. Kf4 Kc6 56. Ke4 b5 57. Bxa5 bxc4 58. bxc4 Nb6
59. Kd3 Nd7 60. Ke4 Nb6 61. Kd3 Nd7 62. Ke4 Nb6 1/2-1/2